00374nam a2200133Ia 4500008004100000020001800041041000800059082001800067100002000085245005200105250000600157260006500163300001200228210716s2015 xx 000 0 und d a9789352131563 aeng a004.6005 ANDR aAndrew, Rachel. aCSS3 anthology: take your sites to new heights. a4 aNew DelhibShroff Publishers and Distributors Pvt Ltdc2015 axxi,420